All Governors of Illinois - Statistics

General Stats
  • This quiz has been taken 18 times
  • The average score is 16 of 45
Answer Stats
Years Served Party Governor % Correct
2019 - Present Democrat JB Pritzker
100%
2003 - 2009 Democrat Rod Blagojevich
91%
2015 - 2019 Republican Bruce Rauner
73%
1949 - 1953 Democrat Adlai Stevenson II
64%
2009 - 2015 Democrat Pat Quinn
64%
1999 - 2003 Republican George Ryan
55%
1991 - 1999 Republican Jim Edgar
55%
1973 - 1977 Democrat Dan Walker
45%
1977 - 1991 Republican Jim Thompson
45%
1961 - 1968 Democrat Otto Kerner Jr.
45%
1921 - 1929 Republican Len Small
36%
1826 - 1830 Democratic Republican Ninian Edwards
36%
1842 - 1846 Democrat Thomas Ford
36%
1953 - 1961 Republican William Stratton
36%
1846 - 1853 Democrat Augustus C. French
27%
1941 - 1949 Republican Dwight H. Green
27%
1822 - 1826 Independent Edward Coles
27%
1913 - 1917 Democrat Edward Fitzsimmons Dunne
27%
1917 - 1921 Republican Frank Orren Lowden
27%
1933 - 1940 Democrat Henry Horner
27%
1940 - 1941 Democrat John Henry Stelle
27%
1873 - 1877 Republican John Lourie Beveridge
27%
1883 - 1885 Republican John Marshall Hamilton
27%
1869 - 1873 Republican John M. Palmer
27%
1830 - 1834 Democrat John Reynolds
27%
1860 - 1861 Republican John Wood
27%
1889 - 1893 Republican Joseph W. Fifer
27%
1929 - 1933 Republican Louis Lincoln Emmerson
27%
1969 - 1973 Republican Richard B. Ogilvie
27%
1865 - 1869 Republican Richard J. Oglesby
27%
1873 Republican Richard J. Oglesby
27%
1885 - 1889 Republican Richard J. Oglesby
27%
1861 - 1865 Republican Richard Yates
27%
1901 - 1905 Republican Richard Yates Jr.
27%
1968 - 1969 Democrat Samuel H. Shapiro
27%
1818 - 1822 Democratic Republican Shadrach Bond
27%
1838 - 1842 Democrat Thomas Carlin
27%
1834 Democrat William Lee D. Ewing
27%
1905 - 1913 Republican Charles S. Deneen
18%
1853 - 1857 Democrat Joel Aldrich Matteson
18%
1893 - 1897 Democrat John Peter Altgeld
18%
1897 - 1901 Republican John Riley Tanner
18%
1834 - 1838 Whig Joseph Duncan
18%
1877 - 1883 Republican Shelby Moore Cullom
18%
1857 - 1860 Republican William Henry Bissell
18%
No matching quizzes found
Score Distribution
Percent of People with Each Score
Percentile by Number Answered
Your Score History
You have not taken this quiz